000 00355nam a22001337a 4500
008 140130b xxu||||| |||| 00| 0 eng d
100 _9103
_aBaron, David P.
245 _aBusiness & its environment
_cby David P. Baron.
250 _a3rd ed.
260 _bPrentice Hall,
_cc2000.
_aNew Jersey,
300 _a100p
650 0 _939
_aManagement
942 _2ddc
_cBK
999 _c85
_d85